Word Ladder: Sidekicks Quiz Stats

 Plays Quiz Updated Nov 17, 2015

Challenge
Share
Tweet
Embed
Score 0/27 Timer 03:00
2 Plays Today
Hint 3-Letter Word % Correct
California city: ___ DiegoSAN
99.1%
Male offspringSON
97%
Furniture for sleepingBED
94.8%
Tennis court dividerNET
93.8%
A rug by the front doorMAT
93.3%
Singer ___ King ColeNAT
93.3%
PleadBEG
90.3%
• Harry Potter's red-haired companion ••RON•
87.1%
• William Munny's companion in 'Unforgiven' ••NED•
86.6%
• Batman's sidekick: 'The ___ Wonder' ••BOY•
86.1%
Farm animal that eats slopHOG
82.7%
Fundy or Chesapeake, e.g.BAY
81.8%
Species of previous companionDOG
80.3%
Baseball players ball propellerBAT
79.8%
Hint 3-Letter Word % Correct
Ad ___: improvised or formed for a specific needHOC
77.2%
• Frodo's companion in 'The Lord of the Rings' ••SAM•
76.1%
• Marty's companion in 'Back to the Future' ••DOC•
75.6%
NYC MLB playerMET
74.3%
To annoy or botherBUG
72.2%
• Furry companion Carl acquires in 'Up' ••DUG•
63.8%
Torme who was the 'Velvet Fog'MEL
63.4%
• Jay's quiet companion in 'Clerks' ••BOB•
58.8%
Application that runs automated tasksBOT
56.4%
• Flik's companion in 'A Bug's Life' ••DOT•
54.4%
• Ferris Bueller's male companion ••CAM•
52.2%
A bit of animation to collectCEL
50.9%
• Ricky Bobby's friend in 'Talladega Nights' ••CAL•
48.3%

Today's Daily Dose

You're not logged in!

Compare scores with friends on all Sporcle quizzes.
Join for Free
OR
Log In

You Might Also Like...

Show Comments

Extras

Top Quizzes Today


Score Distribution

Your Account Isn't Verified!

In order to create a playlist on Sporcle, you need to verify the email address you used during registration. Go to your Sporcle Settings to finish the process.

Report this User

Report this user for behavior that violates our Community Guidelines.

Details: